000 00451nam a2200181Ia 4500
001 3319
005 20260306145634.0
008 260306t1986||||xx |||||||||||||| ||spa||
041 _aESP
082 _a269.46
_bS24
100 _aSánchez Prieto, Nicolás
_eAUT
245 0 _aSanto Toribio de Mogrovejo:
_bapóstol de los Andes
260 _c1986
300 _a211 páginas :
_c19 cm.
650 _aGEN
654 _aCHU
942 _cLIB
_dJUS
_fJUS
_2ddc
_n
999 _c3319
_d3319